Books by Mark Twain - Statistics

General Stats
  • This quiz has been taken 328 times
  • The average score is 5 of 18
Answer Stats
Hint Answer % Correct
The Adventures of Huckleberry Finn
98%
The Adventures of Tom Sawyer
97%
A Connecticut Yankee in King Arthur's Court
57%
The Prince and the Pauper
42%
Life on the Mississippi
32%
The Innocents Abroad
25%
The Tragedy of Pudd'nhead Wilson
21%
Roughing It
18%
The Mysterious Stranger
15%
The Gilded Age
14%
A Tramp Abroad
11%
Tom Sawyer Abroad
11%
Tom Sawyer, Detective
10%
Personal Recollections of Joan of Arc
9%
The Autobiography of Mark Twain
9%
The American Claimant
7%
A Horse's Tale
5%
A Double-Barrelled Detective Story
4%
No matching quizzes found
Score Distribution
Percent of People with Each Score
Percentile by Number Answered
Your Score History
You have not taken this quiz